000 00336nam a2200097Ia 4500
005 20250424112905.0
008 250424s9999 xx 000 0 und d
300 _ax, 335 p. ; 22 cm.
650 _aCommercial law--Nigeria--Periodicals. Sustainable development--Law and legislation--Nigeria--Periodicals. Law reviews--Nigeria.
942 _cSR
999 _c37726
_d37726